[Event "South African op"]
[Site "Cape Town"]
[Date "2022.07.16"]
[Round "9"]
[White "Wilken, Justin Barend"]
[Black "Flores Bartoli, Andrew"]
[Result "1-0"]
[WhiteElo "1862"]
[BlackElo "1670"]
[PlyCount "109"]
[EventDate "2022.07.09"]
[EventType "swiss"]
[EventRounds "11"]
[EventCountry "RSA"]
[SourceTitle "CBM 209 Extra"]
[Source "ChessBase"]
[SourceDate "2022.09.30"]
[SourceVersion "1"]
[SourceVersionDate "2022.09.30"]
[SourceQuality "1"]

1. d4 Nf6 2. Bg5 e6 3. e4 h6 4. Bxf6 Qxf6 5. Nf3 d6 6. e5 Qd8 7. Bd3 dxe5 8. dxe5 Bc5 9. Nbd2 Bd7 10. Ne4 Bb6 11. Qe2 Qe7 12. 0-0 Bc6 13. a3 Nd7 14. b4 Bxe4 15. Qxe4 c6 16. Rfd1 g6 17. c4 0-0 18. h4 Rfd8 19. h5 Nf8 20. Qg4 Kg7 21. c5 Bc7 22. Bc2 Rxd1+ 23. Rxd1 Rd8 24. Re1 b6 25. cxb6 Bxb6 26. Re4 g5 27. Rc4 c5 28. b5 f5 29. exf6+ Qxf6 30. g3 Rd5 31. Kg2 Nd7 32. Rf4 Qe7 33. Re4 e5 34. Nh4 Qf6 35. Re2 Kf8 36. Ng6+ Ke8 37. Qe4 Rd4 38. Qc6 Qxc6+ 39. bxc6 Nb8 40. Nxe5 Kd8 41. Nf7+ Kc7 42. Nxh6 Nxc6 43. Nf5 Rd7 44. Ba4 Rf7 45. Re6 Rxf5 46. Rxc6+ Kd8 47. h6 Rf8 48. Rg6 Rh8 49. Bb3 Ke7 50. Bc4 Kf8 51. Kf3 Bd8 52. Kg4 Be7 53. Kh5 Bd8 54. g4 Be7 55. Rc6 1-0

[Event "Titled Tuesday intern op 17th Nov"]
[Site "Chess.com INT"]
[Date "2020.11.17"]
[Round "4"]
[White "Flores Bartoli, Andrew"]
[Black "Winslow, Elliott C"]
[Result "0-1"]
[WhiteElo "1644"]
[BlackElo "2150"]
[PlyCount "82"]
[EventDate "2020.11.17"]
[EventType "swiss (blitz)"]
[EventRounds "11"]
[EventCountry "USA"]
[SourceTitle "CBM 199 Extra"]
[Source "ChessBase"]
[SourceDate "2021.01.31"]
[SourceVersion "1"]
[SourceVersionDate "2021.01.31"]
[SourceQuality "1"]

1. e4 c5 2. Nf3 d6 3. Bb5+ Bd7 4. Bxd7+ Nxd7 5. 0-0 Ngf6 6. Re1 e6 7. c3 Rc8 8. d4 d5 9. exd5 Nxd5 10. c4 Nc7 11. d5 Nf6 12. Bg5 Be7 13. dxe6 Nxe6 14. Be3 Qxd1 15. Rxd1 Ng4 16. Nc3 Nxe3 17. fxe3 0-0 18. Nd5 Bd8 19. Ne5 Re8 20. Nd3 b6 21. N3f4 Ng5 22. b3 Ne4 23. Rd3 f6 24. Rad1 Kf7 25. g3 f5 26. Kg2 g5 27. Ne2 Ke6 28. Nec3 Nxc3 29. Rxc3 Bc7 30. Rcd3 Be5 31. Kf3 h5 32. Rf1 Rf8 33. Kg2 Rf7 34. Rd2 Rg8 35. Rdf2 Rgf8 36. Rd1 Rh8 37. Rdf1 h4 38. gxh4 Rxh4 39. h3 Re4 40. Rf3 g4 41. hxg4 Rxg4+ 0-1

[Event "Titled Tuesday intern op 17th Nov"]
[Site "Chess.com INT"]
[Date "2020.11.17"]
[Round "6"]
[White "Nikoladze, Sopio"]
[Black "Flores Bartoli, Andrew"]
[Result "1-0"]
[WhiteElo "2132"]
[BlackElo "1644"]
[PlyCount "75"]
[EventDate "2020.11.17"]
[EventType "swiss (blitz)"]
[EventRounds "11"]
[EventCountry "USA"]
[SourceTitle "CBM 199 Extra"]
[Source "ChessBase"]
[SourceDate "2021.01.31"]
[SourceVersion "1"]
[SourceVersionDate "2021.01.31"]
[SourceQuality "1"]

1. d4 Nf6 2. Nf3 e6 3. e3 d5 4. Bd3 c5 5. b3 Be7 6. Bb2 b6 7. Nbd2 Nbd7 8. 0-0 Bb7 9. Ne5 Nxe5 10. dxe5 Nd7 11. f4 Qc7 12. c4 0-0 13. Rf3 g6 14. Rh3 f5 15. cxd5 Bxd5 16. g4 Rad8 17. gxf5 exf5 18. Qe2 Rf7 19. Bc4 Bxc4 20. Nxc4 Nf8 21. e4 fxe4 22. Qxe4 Ne6 23. Rf1 b5 24. Ne3 Nd4 25. Nd5 Qb7 26. Nf6+ Bxf6 27. Qxb7 Rxb7 28. exf6 Ne2+ 29. Kh1 Nd4 30. Bxd4 Rxd4 31. f5 Rf7 32. fxg6 hxg6 33. Rg3 Kf8 34. Rxg6 c4 35. bxc4 bxc4 36. Rb1 Ke8 37. Rb8+ Kd7 38. Rh6 1-0

[Event "RSA-ch U20"]
[Site "Cape Town"]
[Date "2019.12.07"]
[Round "1"]
[White "Samuels, Ethan"]
[Black "Flores Bartoli, Andrew"]
[Result "1/2-1/2"]
[WhiteElo "1821"]
[BlackElo "1606"]
[PlyCount "68"]
[EventDate "2019.12.07"]
[EventType "tourn"]
[EventRounds "11"]
[EventCountry "RSA"]
[SourceTitle "CBM 193 Extra"]
[Source "ChessBase"]
[SourceDate "2020.01.31"]
[SourceVersion "1"]
[SourceVersionDate "2020.01.31"]
[SourceQuality "1"]

1. e4 e5 2. Nf3 Nc6 3. Bb5 a6 4. Ba4 Nf6 5. 0-0 b5 6. Bb3 Bc5 7. d3 d6 8. a4 Bb7 9. Nc3 b4 10. Nd5 Nxd5 11. Bxd5 h6 12. a5 0-0 13. Be3 Qe7 14. Qd2 Bxe3 15. fxe3 Rab8 16. Ra4 Na7 17. Bxb7 Rxb7 18. Rxb4 c5 19. Rxb7 Qxb7 20. Nh4 g6 21. Qf2 Qe7 22. Qg3 Kh7 23. Nf3 Nc6 24. h4 Nxa5 25. h5 g5 26. Qg4 Nc6 27. Qf5+ Kg7 28. Nd2 Nb4 29. Rc1 Na2 30. Ra1 Nb4 31. Nc4 Nxc2 32. Rxa6 Rd8 33. Qf3 Nb4 34. Rb6 Qe6 1/2-1/2

[Event "RSA-chT U20A"]
[Site "Boksburg"]
[Date "2018.12.16"]
[Round "2.3"]
[White "Gandhi, Eleesh"]
[Black "Flores Bartoli, Andrew"]
[Result "0-1"]
[WhiteElo "930"]
[BlackElo "1700"]
[PlyCount "56"]
[EventDate "2018.12.16"]
[EventType "team-tourn"]
[EventRounds "7"]
[EventCountry "RSA"]
[SourceTitle "EXT 2020"]
[Source "ChessBase"]
[SourceDate "2019.10.17"]
[SourceVersion "1"]
[SourceVersionDate "2019.10.17"]
[SourceQuality "1"]
[WhiteTeam "Eden District U20"]
[BlackTeam "Western Province U20"]
[WhiteTeamCountry "RSA"]
[BlackTeamCountry "RSA"]

1. d4 Nf6 2. c4 e6 3. Nc3 Bb4 4. Bf4 b6 5. Nf3 Bb7 6. a3 Bxc3+ 7. bxc3 0-0 8. g3 d6 9. Bg2 Nbd7 10. Qd3 Rb8 11. 0-0 Re8 12. Rfe1 e5 13. dxe5 dxe5 14. Nxe5 Bxg2 15. Nxd7 Be4 16. Nxf6+ Qxf6 17. Qd4 Qe6 18. f3 Bb7 19. e4 Rbd8 20. Qe3 Qxc4 21. Red1 c5 22. Rxd8 Rxd8 23. Bc7 Rd3 24. Qf4 Qxc3 25. Rc1 Qd4+ 26. Kg2 Rd2+ 27. Kh3 Bc8+ 28. g4 h5 0-1

[Event "Western Province-chT"]
[Site "Cape Town"]
[Date "2018.08.04"]
[Round "1"]
[White "Fakude, Hopewell Mongezi"]
[Black "Flores Bartoli, Andrew"]
[Result "1/2-1/2"]
[WhiteElo "1845"]
[BlackElo "1675"]
[PlyCount "99"]
[EventDate "2018.08.04"]
[EventType "team-tourn"]
[EventRounds "11"]
[EventCountry "RSA"]
[SourceTitle "EXT 2020"]
[Source "ChessBase"]
[SourceDate "2019.10.17"]
[SourceVersion "1"]
[SourceVersionDate "2019.10.17"]
[SourceQuality "1"]
[WhiteTeam "Cape Town Univ"]
[BlackTeam "Manyanani"]
[WhiteTeamCountry "RSA"]
[BlackTeamCountry "RSA"]

1. Nf3 Nf6 2. c4 e6 3. g3 b6 4. Bg2 Bb7 5. 0-0 Be7 6. d3 d5 7. cxd5 exd5 8. Nh4 Nbd7 9. Nf5 0-0 10. Nc3 Nc5 11. Bg5 c6 12. Qd2 Ne6 13. e4 dxe4 14. dxe4 Bb4 15. Qxd8 Raxd8 16. Bxf6 gxf6 17. Rfd1 Bxc3 18. bxc3 c5 19. Nd6 Bc6 20. f4 Rd7 21. f5 Nc7 22. Nc4 Rfd8 23. Nb2 Nb5 24. Rxd7 Rxd7 25. Nd1 Rd2 26. a4 Nd6 27. Nf2 Nc4 28. Bf1 Ne5 29. Bb5 Bb7 30. a5 bxa5 31. Rxa5 a6 32. Bxa6 Bxa6 33. Rxa6 Nf3+ 34. Kg2 Nxh2 35. Kxh2 Rxf2+ 36. Kh3 Rf3 37. Rxf6 Rxc3 38. Rc6 Re3 39. f6 h6 40. Kg4 Rxe4+ 41. Kf5 Re8 42. Rxc5 Ra8 43. Re5 Kh7 44. g4 Rb8 45. g5 hxg5 46. Kxg5 Ra8 47. Kh5 Ra1 48. Rg5 Kh8 49. Rg2 Ra6 50. Rf2 1/2-1/2

[Event "RSA Inter Regional-ch"]
[Site "Boksburg"]
[Date "2018.01.09"]
[Round "2.4"]
[White "Steyn, Alicia"]
[Black "Flores Bartoli, Andrew"]
[Result "0-1"]
[WhiteElo "1384"]
[BlackElo "1703"]
[PlyCount "66"]
[EventDate "2018.01.09"]
[EventType "team-swiss"]
[EventRounds "7"]
[EventCountry "RSA"]
[SourceTitle "CBM 189 Extra"]
[Source "ChessBase"]
[SourceDate "2019.05.31"]
[SourceVersion "1"]
[SourceVersionDate "2019.05.31"]
[SourceQuality "1"]
[WhiteTeam "JHB Metro Cubs"]
[BlackTeam "Western Province Stalemates"]
[WhiteTeamCountry "RSA"]
[BlackTeamCountry "RSA"]

1. e4 e5 2. Nf3 Nc6 3. Bc4 Bc5 4. 0-0 Nf6 5. d4 Bxd4 6. Nxd4 Nxd4 7. f4 d6 8. fxe5 dxe5 9. Bg5 Bg4 10. Bxf6 Bxd1 11. Bxd8 Rxd8 12. Na3 Bh5 13. c3 Nc6 14. Bd5 0-0 15. Bxc6 bxc6 16. Rf5 Bg6 17. Rxe5 f6 18. Ra5 Bxe4 19. Rxa7 Rd2 20. Re1 Re8 21. Rxc7 Rxg2+ 22. Kf1 Rxb2 23. Rd1 Bf3 24. Rb1 Rxa2 25. Ra7 Bd5 26. Kg1 Rg2+ 27. Kf1 Rxh2 28. Rbb7 Rg2 29. c4 Be4 30. Nb1 Rc2 31. Rxg7+ Kh8 32. Na3 Bd3+ 33. Kg1 Re1# 0-1

[Event "Boksburg Inter Region-ch"]
[Site "Boksburg"]
[Date "2016.12.21"]
[Round "3.4"]
[White "Nyathi, Musa"]
[Black "Flores Bartoli, Andrew"]
[Result "1/2-1/2"]
[WhiteElo "1470"]
[BlackElo "1547"]
[PlyCount "93"]
[EventDate "2016.12.20"]
[EventType "team-swiss"]
[EventRounds "7"]
[EventCountry "RSA"]
[SourceTitle "CBM 176 Extra"]
[Source "ChessBase"]
[SourceDate "2017.03.02"]
[SourceVersion "1"]
[SourceVersionDate "2017.03.02"]
[SourceQuality "1"]
[WhiteTeam "Johannesburg Metro III"]
[BlackTeam "Western Province Juniors"]
[WhiteTeamCountry "RSA"]
[BlackTeamCountry "RSA"]

1. Nf3 Nf6 2. g3 b6 3. Bg2 Bb7 4. 0-0 e6 5. d4 c5 6. e3 Be7 7. c4 0-0 8. Nc3 d5 9. Ne5 Nbd7 10. Nxd7 Qxd7 11. dxc5 Bxc5 12. cxd5 Nxd5 13. Qd3 Rfd8 14. Nxd5 Bxd5 15. e4 Bb7 16. Qxd7 Rxd7 17. Bf4 Rad8 18. Be5 Bd4 19. Bxd4 Rxd4 20. Rfe1 g6 21. Rac1 Rd2 22. Bf3 R8d7 23. Rb1 Kg7 24. Kg2 Rc2 25. Red1 Rxd1 26. Rxd1 Rxb2 27. Rd7 Ba6 28. Rxa7 Rxa2 29. Be2 Bc4 30. Rxa2 Bxa2 31. f4 f6 32. Kf3 e5 33. Ke3 Kf7 34. h4 Ke6 35. fxe5 Kxe5 36. g4 Bb1 37. Bc4 Bxe4 38. g5 fxg5 39. hxg5 Bd5 40. Bd3 Bc6 41. Bc4 Kf5 42. Bg8 Kxg5 43. Bxh7 Bd5 44. Kd4 Ba2 45. Kc3 Kh6 46. Bxg6 Kxg6 47. Kb4 1/2-1/2

[Event "Boksburg Inter Region-ch"]
[Site "Boksburg"]
[Date "2016.12.20"]
[Round "2.4"]
[White "Flores Bartoli, Andrew"]
[Black "Dykema, Joshua Damain"]
[Result "1-0"]
[WhiteElo "1547"]
[BlackElo "1386"]
[PlyCount "63"]
[EventDate "2016.12.20"]
[EventType "team-swiss"]
[EventRounds "7"]
[EventCountry "RSA"]
[SourceTitle "CBM 176 Extra"]
[Source "ChessBase"]
[SourceDate "2017.03.02"]
[SourceVersion "1"]
[SourceVersionDate "2017.03.02"]
[SourceQuality "1"]
[WhiteTeam "Western Province Juniors"]
[BlackTeam "Beliebers"]
[WhiteTeamCountry "RSA"]
[BlackTeamCountry "RSA"]

1. e4 c5 2. Nf3 d6 3. Bb5+ Nc6 4. d4 cxd4 5. Nxd4 Bd7 6. Nc3 Nf6 7. 0-0 g6 8. Re1 Bg7 9. Nxc6 Bxc6 10. Qd3 0-0 11. Bxc6 bxc6 12. Rb1 Ng4 13. h3 Ne5 14. Qg3 d5 15. exd5 f6 16. dxc6 Nxc6 17. Qe3 e5 18. Ne2 f5 19. Qc5 Rc8 20. Qc4+ Kh8 21. Qb3 Na5 22. Qd3 Qxd3 23. cxd3 Rfd8 24. Rd1 e4 25. d4 Nc6 26. Be3 Nb4 27. a3 Nd3 28. b4 Rc2 29. Rd2 Rxd2 30. Bxd2 Bxd4 31. Nxd4 Rxd4 32. Bc3 1-0